| 000 | 00507nam a22001697a 4500 | ||
|---|---|---|---|
| 999 |
_c40627 _d40627 |
||
| 003 | OSt | ||
| 005 | 20210127143325.0 | ||
| 008 | 191016b ||||| |||| 00| 0 eng d | ||
| 020 | _a9789386668844 | ||
| 040 | _coclc | ||
| 082 |
_a320.954076 _bCEN/I |
||
| 100 |
_98377 _aCengage |
||
| 245 |
_aIndian Polity For UPSC and State Civil Services Examinations / _cCengage |
||
| 260 |
_aDelhi: _bCengage, _c2019. |
||
| 300 | _a453p | ||
| 942 |
_2ddc _cREF _h320.954076 _iCEN/I _k320.954076 _mCEN/I |
||